00639nam a2200181 i 450000100060000000300090000600500170001500700030003200800410003510000420007624500860011826000550020430000420025950000570030165100290035871000380038785200320042595834ES-MaACL20251017063056.0t|050606s1959 sp ||||1| spa d1 aMacabich Llobet, Isidoro, d1883-197310aHistoria de Ibiza. T. IX Corso b: (apéndices) / cpor Isidoro Macabich Llobet. aPalma de Mallorca : b[s.n.], c1959 (fImp. Alfa) a209 p., 3 h., lám. XVIII ; c25 cm. aPrecede al tít.: Casa de Ibiza. Palma de Mallorca. 4aIbiza (Isla)-xHistoria.2 aCasa de Ibiza (Palma de Mallorca) aES-MaACLjC-17408 bR.42801